[Event "XIII Konik Morski Rewala - Open A"]
[Site "Rewal"]
[Date "2008.08.28"]
[Round "8"]
[White "Andrzejewska, Anna"]
[Black "Baturo, Tomasz"]
[Result "1/2-1/2"]
[WhiteElo "1992"]
[BlackElo "2059"]
[PlyCount "107"]
[EventDate "2008.??.??"]

1. e4 d5 2. exd5 Nf6 3. c4 c6 4. d4 cxd5 5. Nc3 Nc6 6. Nf3 Bg4 7. Be3 e6 8. Be2
dxc4 9. Bxc4 Qb6 10. O-O O-O-O 11. Rc1 Kb8 12. Nb5 Ka8 13. d5 Bc5 14. Bxc5 Qxc5
15. d6 Kb8 16. Be2 Qb6 17. Ng5 Bxe2 18. Qxe2 Rd7 19. Rfd1 Rhd8 20. Qc4 h6 21.
Nf3 a6 22. Nc3 Rxd6 23. Rxd6 Rxd6 24. Qf4 Qc7 25. Qg3 g5 26. h3 Rd8 27. Qxc7+
Kxc7 28. Ne2 Kb6 29. Kf1 Ne4 30. Ke1 f5 31. a3 h5 32. Nc3 Nc5 33. Ke2 g4 34.
hxg4 hxg4 35. Ng5 Nb3 36. Rd1 Nbd4+ 37. Ke3 e5 38. Nf7 Nc2+ 39. Ke2 Rxd1 40.
Kxd1 N2d4 41. Nd5+ Kc5 42. Ne3 e4 43. Kd2 a5 44. Kc3 Nb5+ 45. Kd2 Nbd4 46. Kc3
b5 47. g3 b4+ 48. axb4+ axb4+ 49. Kd2 Ne7 50. Nh6 Kd6 51. Nf7+ Ke6 52. Nd8+ Kd7
53. Nf7 Ke6 54. Nd8+ 1/2-1/2

[Event "XIII Konik Morski Rewala - Open A"]
[Site "Rewal"]
[Date "2008.08.28"]
[Round "8"]
[White "Hermanowicz, Dominika"]
[Black "Grochowalski, Pawel"]
[Result "1/2-1/2"]
[WhiteElo "2118"]
[BlackElo "2121"]
[PlyCount "31"]
[EventDate "2008.??.??"]

1. e4 c5 2. Nf3 d6 3. d4 cxd4 4. Nxd4 Nf6 5. Nc3 a6 6. a4 Nc6 7. Be2 g6 8. Be3
Bg7 9. O-O O-O 10. Kh1 Bd7 11. Nb3 Na5 12. Nxa5 Qxa5 13. Qd2 Rfc8 14. f3 Be6
15. Rfd1 Nd7 16. Bd4 1/2-1/2

[Event "XIII Konik Morski Rewala - Open A"]
[Site "Rewal"]
[Date "2008.08.28"]
[Round "8"]
[White "Wnuk-lipinski, Pawel"]
[Black "Czartoryski, Pawel"]
[Result "0-1"]
[WhiteElo "1956"]
[BlackElo "2089"]
[PlyCount "80"]
[EventDate "2008.??.??"]

1. c4 Nf6 2. Nf3 g6 3. g3 Bg7 4. Bg2 c5 5. Nc3 O-O 6. O-O d6 7. d3 Nc6 8. Bg5
h6 9. Bd2 a6 10. a3 Rb8 11. Qc1 Kh7 12. Rb1 b5 13. cxb5 axb5 14. b4 cxb4 15.
axb4 Bd7 16. d4 e5 17. dxe5 dxe5 18. Rd1 e4 19. Ne1 Rc8 20. Nxe4 Nd4 21. Qa3
Nxe4 22. Bxe4 Nxe2+ 23. Kf1 Nc3 24. Bxc3 Rxc3 25. Qa7 Bh3+ 26. Bg2 Qc8 27. Kg1
Bf5 28. Bb7 Qc7 29. Ra1 Rc4 30. Ra5 Rxb4 31. Bd5 Qe5 32. Nf3 Qe2 33. Re1 Qd3
34. Bc6 Rb1 35. Rxb1 Qxb1+ 36. Kg2 Bd3 37. g4 b4 38. g5 h5 39. Kg3 b3 40. Qb7
Qc2 0-1

[Event "XIII Konik Morski Rewala - Open A"]
[Site "Rewal"]
[Date "2008.08.28"]
[Round "8"]
[White "Knap, Jerzy"]
[Black "Pietrzak, Tomasz"]
[Result "1/2-1/2"]
[WhiteElo "1974"]
[BlackElo "2016"]
[PlyCount "121"]
[EventDate "2008.??.??"]

1. d4 d5 2. c4 e6 3. Nc3 c5 4. cxd5 exd5 5. Nf3 Nc6 6. e3 Nf6 7. Bb5 a6 8.
Bxc6+ bxc6 9. Ne5 Bb7 10. O-O Bd6 11. Nf3 O-O 12. b3 cxd4 13. exd4 Re8 14. Re1
Ne4 15. Bb2 Qf6 16. Qc2 Qf4 17. Ne2 Qf5 18. Rac1 Re6 19. Ng3 Qf4 20. Ne5 Rh6
21. Re3 f6 22. Nf3 c5 23. dxc5 Bxc5 24. Rxe4 dxe4 25. Qc4+ Kh8 26. Qxc5 exf3
27. Qe7 Bd5 28. Rc7 Rg8 29. Bc1 Qg4 30. Bxh6 fxg2 31. Bxg7+ Qxg7 32. Qxg7+ Rxg7
33. Rxg7 Kxg7 34. Nf5+ Kf7 35. Ne3 Be4 36. Nxg2 Ke6 37. Ne3 Ke5 38. Kf1 Kd4 39.
Ke2 Kc3 40. Nc4 Bb1 41. a4 Bd3+ 42. Ke3 Bxc4 43. bxc4 Kxc4 44. Ke4 a5 45. Kf5
Kb4 46. Kxf6 Kxa4 47. f4 Kb5 48. f5 a4 49. Ke6 a3 50. f6 a2 51. f7 a1=Q 52.
f8=Q Qa2+ 53. Kf6 Qxh2 54. Qe8+ Kc4 55. Qe6+ Kd3 56. Qd5+ Ke3 57. Qe5+ Qxe5+
58. Kxe5 h5 59. Kf5 Kf3 60. Kg5 h4 61. Kxh4 1/2-1/2

[Event "XIII Konik Morski Rewala - Open A"]
[Site "Rewal"]
[Date "2008.08.29"]
[Round "9"]
[White "Zhigalko, Andrey"]
[Black "Przybylski, Wojciech"]
[Result "1-0"]
[WhiteElo "2551"]
[BlackElo "2363"]
[PlyCount "0"]
[EventDate "2008.??.??"]

1. c4 e5 2. e3 Nf6 3. Nc3 d5 4. cxd5 Nxd5 5. Nf3 Nxc3 6. bxc3 Bd6 7. d4 Nd7 8.
Be2 O-O 9. O-O Re8 10. Nd2 c5 11. Bb2 e4 12. Qc2 Qh4 13. g3 Qe7 14. c4 Nf6 15.
dxc5 Bxc5 16. Bxf6 gxf6 17. Rfd1 Bh3 18. Nb3 Bd6 19. c5 Bc7 20. Bb5 Red8 21. c6
b6 22. Bf1 Bg4 23. Be2 Bh3 24. Rxd8+ Rxd8 25. Rd1 Bc8 26. Rxd8+ Bxd8 27. Nd4 a6
28. a4 Bc7 29. Bc4 Qe5 30. Qa2 Qh5 31. Qc2 Qe5 32. Qb3 Qe7 33. Bd5 f5 34. Ne2
Kf8 35. Nf4 Qf6 36. Kg2 Bd8 37. Qb4+ Qe7 38. Qd4 Qf6 39. c7 Be7 40. Qc4 Bc5 41.
a5 Qd6 42. axb6 Bxb6 43. Qc3 f6 44. Be6 Qe5 45. Qb4+ 1-0

[Event "XIII Konik Morski Rewala - Open A"]
[Site "Rewal"]
[Date "2008.08.29"]
[Round "9"]
[White "Budrewicz, Krzysztof"]
[Black "Koziak, Vitali"]
[Result "1/2-1/2"]
[WhiteElo "2333"]
[BlackElo "2489"]
[PlyCount "0"]
[EventDate "2008.??.??"]

1. d4 f5 2. g3 Nf6 3. Bg2 d6 4. Nf3 g6 5. c4 Bg7 6. Nc3 O-O 7. O-O Qe8 8. Nd5
Nxd5 9. cxd5 Qb5 10. Ne1 c6 11. a4 Qb6 12. Be3 cxd5 13. Bxd5+ Kh8 14. Nf3 Nc6
15. Qd2 Qb4 1/2-1/2

[Event "XIII Konik Morski Rewala - Open A"]
[Site "Rewal"]
[Date "2008.08.29"]
[Round "9"]
[White "Brodowski, Piotr"]
[Black "Orzech, Dominik"]
[Result "0-1"]
[WhiteElo "2424"]
[BlackElo "2472"]
[PlyCount "0"]
[EventDate "2008.??.??"]

1. c4 Nf6 2. Nf3 g6 3. Nc3 Bg7 4. g3 O-O 5. e4 c5 6. Bg2 Nc6 7. O-O Ne8 8. d3
Nc7 9. Be3 Ne6 10. Qd2 Re8 11. Rab1 Ned4 12. Ne2 a5 13. Nfxd4 Nxd4 14. h3 d6
15. Kh2 Bd7 16. b3 Rb8 17. f4 e6 18. Bf2 b5 19. Rfd1 Bc6 20. Nxd4 cxd4 21. cxb5
Bxb5 22. a4 Bd7 23. Be1 Ra8 24. Rdc1 e5 25. fxe5 Bxe5 26. Bf2 h5 27. Kh1 Qb6
28. Be1 Reb8 29. Qd1 Qa7 30. Rc2 Be6 31. Rcb2 Qd7 32. Kh2 h4 33. Qf3 Kg7 34.
Kg1 hxg3 35. Bxg3 Rh8 36. Rf1 Qe7 37. Bf4 Rh5 38. Qg3 Rah8 39. Rf3 Bxf4 40.
Rxf4 Bxh3 41. Rbf2 Be6 42. Rf6 Qc7 43. Rf1 Qc5 44. Qf4 Qe5 45. Qxe5 dxe5 46.
R6f2 Rb8 47. Rc1 Rxb3 48. Bf1 Rg5+ 49. Kh2 Rb8 50. Rf3 Rh8+ 0-1

[Event "XIII Konik Morski Rewala - Open A"]
[Site "Rewal"]
[Date "2008.08.29"]
[Round "9"]
[White "Swicarz, Maciej"]
[Black "Chojnacki, Krzysztof"]
[Result "0-1"]
[WhiteElo "2284"]
[BlackElo "2416"]
[PlyCount "0"]
[EventDate "2008.??.??"]

1. f4 e5 2. fxe5 d6 3. exd6 Bxd6 4. Nf3 g5 5. d4 g4 6. Ne5 Bxe5 7. dxe5 Qxd1+
8. Kxd1 Nc6 9. Nc3 Be6 10. Bf4 Nge7 11. e3 Ng6 12. Bb5 O-O-O+ 13. Ke1 Ncxe5 14.
Bg5 Rd6 15. Bf6 Rg8 16. Rf1 a6 17. Be2 Nc4 18. Kf2 Re8 19. Bd4 f5 20. b3 Nce5
21. Rad1 Nd7 22. g3 h5 23. Kg1 h4 24. Na4 Nde5 25. Nc5 Bd5 26. Rxf5 Bf3 27. Re1
Bxe2 28. Rxe2 Nf3+ 29. Kf1 b6 30. Nxa6 Rxd4 31. exd4 Rxe2 32. Kxe2 Nxd4+ 33.
Kf2 Nxf5 34. gxh4 Ngxh4 35. Nb4 Ng6 36. Nd5 Ne5 37. Nf6 c6 38. Kg2 Kc7 39. c3
Kd6 40. h3 Ne3+ 41. Kg3 gxh3 42. Kxh3 Nd3 43. c4 Nc1 44. Ne4+ Kc7 45. Nc3 Nc2
46. Kg3 Nb4 47. a3 Nc2 48. c5 b5 49. b4 Nxa3 50. Kf3 Nc2 51. Ne4 Nxb4 52. Ke3
Nb3 0-1

[Event "XIII Konik Morski Rewala - Open A"]
[Site "Rewal"]
[Date "2008.08.29"]
[Round "9"]
[White "Czerwonski, Aleksander"]
[Black "Butkiewicz, Lukasz"]
[Result "1-0"]
[WhiteElo "2414"]
[BlackElo "2284"]
[PlyCount "0"]
[EventDate "2008.??.??"]

1. d4 Nf6 2. c4 c5 3. d5 e6 4. Nc3 exd5 5. cxd5 d6 6. Nf3 g6 7. Bg5 Bg7 8. Nd2
a6 9. e3 O-O 10. a4 Nbd7 11. Be2 Qe7 12. O-O h6 13. Bf4 Ne5 14. Bxe5 Qxe5 15.
Nc4 Qe7 16. a5 Rb8 17. Rb1 Ne8 18. Na4 Nc7 19. Nab6 Nb5 20. Bd3 Bd7 21. Qc2
Rbe8 22. Nxd7 Qxd7 23. Nb6 Qe7 24. Qa4 Nc7 25. b4 Rd8 26. bxc5 dxc5 27. e4 Bd4
28. Qc2 Ne8 29. Kh1 Nf6 30. f3 h5 31. g3 h4 32. g4 Nd7 33. Nc4 Ne5 34. Nxe5
Bxe5 35. f4 Bd4 36. Bc4 g5 37. fxg5 Qxg5 38. Rbe1 Qg6 39. Qd3 Rde8 40. Rf4 Kg7
41. Qf3 f6 42. Rf1 Be5 43. Rf5 Bd6 44. Qc3 Rxe4 45. g5 Be5 46. Qf3 Rxc4 47.
Rxe5 Rf7 48. Rf5 Rd4 49. gxf6+ Kf8 50. Qc3 Kg8 51. Qxc5 Rg4 52. d6 Kh7 53. d7
Rxd7 54. Rh5+ 1-0

[Event "XIII Konik Morski Rewala - Open A"]
[Site "Rewal"]
[Date "2008.08.29"]
[Round "9"]
[White "Sochacki, Wojtek"]
[Black "Nester, Ihor"]
[Result "0-1"]
[WhiteElo "2239"]
[BlackElo "2385"]
[PlyCount "0"]
[EventDate "2008.??.??"]

1. e4 e5 2. Nf3 Nc6 3. d4 exd4 4. Nxd4 Nf6 5. Nc3 Bb4 6. Nxc6 bxc6 7. Bd3 d5 8.
exd5 cxd5 9. O-O O-O 10. Bg5 c6 11. Qf3 Be7 12. h3 Rb8 13. Rab1 Be6 14. Rfe1 c5
15. Bf5 Qd7 16. Bxe6 fxe6 17. Qe3 Rb6 18. b3 Qc8 19. Na4 Ra6 20. Rbc1 c4 21.
Re2 Ba3 22. Rf1 Ne4 23. Bf4 Rf5 24. g4 Rf7 25. Be5 Nc5 26. Nc3 Nd7 27. Nb5 Nxe5
28. Qxe5 Bf8 29. a4 Rb6 30. Kg2 g6 31. Qe3 Bc5 32. Qe5 a6 33. Nd4 cxb3 34. Nxb3
Bf8 35. a5 Rc6 36. Qe3 Bg7 37. Rfe1 e5 38. Rd2 Rc3 39. Qb6 d4 40. Ree2 Qa8+ 41.
Kh2 Rxh3+ 0-1

[Event "XIII Konik Morski Rewala - Open A"]
[Site "Rewal"]
[Date "2008.08.29"]
[Round "9"]
[White "Meyer, Falko"]
[Black "Lahiri, Atanu"]
[Result "0-1"]
[WhiteElo "2305"]
[BlackElo "2338"]
[PlyCount "152"]
[EventDate "2008.??.??"]

1. e4 e6 2. d3 d5 3. Nd2 Nf6 4. Ngf3 Nc6 5. c3 Bd6 6. g3 O-O 7. Bg2 e5 8. O-O
Be6 9. Qc2 h6 10. b4 dxe4 11. dxe4 a5 12. b5 Nb8 13. c4 Nbd7 14. Bb2 Qe7 15.
Rfe1 Rfd8 16. Nf1 Nc5 17. Rad1 Bg4 18. Ne3 Bxf3 19. Bxf3 c6 20. Nf5 Qe6 21.
bxc6 bxc6 22. Ba3 Bf8 23. Ne3 Ncxe4 24. Bxf8 Ng5 25. Bg2 Kxf8 26. h4 Ngh7 27.
Rxd8+ Rxd8 28. Qa4 Ra8 29. Bxc6 Ra7 30. Qb5 Rc7 31. Bg2 g5 32. Qxa5 Rc8 33.
hxg5 Nxg5 34. Rd1 Kg7 35. Rd8 Rxc4 36. Nxc4 Qxc4 37. Qd2 Qb5 38. Qd1 Ne6 39.
Rd6 Nd4 40. a4 Qb4 41. Rd8 Qb6 42. Ra8 e4 43. a5 Qb2 44. Bh3 e3 45. fxe3 Ne2+
46. Kh1 Nxg3+ 47. Kg1 Ne2+ 48. Kf1 Ne4 49. Qe1 N4g3+ 50. Kf2 Qf6+ 51. Kg2 Qc6+
52. Kf2 Qf6+ 53. Kg2 Qc6+ 54. Kf2 Qxa8 55. Qa1+ f6 56. Bg4 Nh1+ 57. Kxe2 Qg2+
58. Kd3 Nf2+ 59. Kc3 Qxg4 60. a6 Ne4+ 61. Kd4 Ng5+ 62. Kd5 Qd7+ 63. Kc4 Qc6+
64. Kb4 Qb6+ 65. Kc4 Qa7 66. Qa5 Nf7 67. Kd3 Ne5+ 68. Ke2 Nc4 69. Qb5 Qxe3+ 70.
Kf1 Qf4+ 71. Ke2 Qe5+ 72. Qxe5 fxe5 73. Kd3 Nb6 74. Kc3 h5 75. Kb4 h4 76. Kc5
Na8 0-1

[Event "XIII Konik Morski Rewala - Open A"]
[Site "Rewal"]
[Date "2008.08.29"]
[Round "9"]
[White "Dragun, Kamil"]
[Black "Matuszewski, Michal"]
[Result "0-1"]
[WhiteElo "2240"]
[BlackElo "2233"]
[PlyCount "126"]
[EventDate "2008.??.??"]

1. e4 c5 2. Nf3 d6 3. d4 cxd4 4. Nxd4 Nf6 5. Nc3 a6 6. Bg5 e6 7. f4 Be7 8. Qf3
Nbd7 9. O-O-O Qc7 10. g4 h6 11. Bxf6 Bxf6 12. h4 Qb6 13. Nb3 Be7 14. Kb1 Nc5
15. g5 Bd7 16. f5 O-O-O 17. f6 gxf6 18. gxf6 Bf8 19. Qh5 Nxb3 20. axb3 Be8 21.
Bh3 Kb8 22. Rd3 Qc7 23. Rhd1 Rc8 24. Rd4 b5 25. Qe2 Rg8 26. Na2 Rg3 27. R4d3
Rxd3 28. Rxd3 Qb6 29. Qe3 Qxe3 30. Rxe3 h5 31. Rg3 Bc6 32. Bg2 Bh6 33. Nb4 Bb7
34. Bf3 Rf8 35. Nd3 Kc7 36. c4 Be3 37. e5 Bxf3 38. Rxf3 Bd4 39. exd6+ Kxd6 40.
Rf4 e5 41. Rf5 bxc4 42. bxc4 Rh8 43. b4 Ke6 44. Rf1 Rh6 45. c5 Rxf6 46. Rc1 Kd7
47. Re1 Rf5 48. Kc2 Kc6 49. Re2 Kb5 50. Kb3 Rf3 51. Kc2 f6 52. Rg2 e4 53. Ne1
Rf2+ 54. Kb3 Rxg2 55. Nxg2 f5 56. Nf4 Be5 57. Nxh5 f4 58. Kc2 f3 59. Kd2 f2 60.
Ke2 e3 61. Kf1 a5 62. bxa5 Kxa5 63. c6 Kb6 0-1

[Event "XIII Konik Morski Rewala - Open A"]
[Site "Rewal"]
[Date "2008.08.29"]
[Round "9"]
[White "Wieczorek, Zbigniew"]
[Black "Smirnov, Aleksander"]
[Result "1-0"]
[WhiteElo "2317"]
[BlackElo "2262"]
[PlyCount "77"]
[EventDate "2008.??.??"]

1. Nf3 c5 2. g3 Nc6 3. Bg2 g6 4. O-O Bg7 5. c4 e6 6. Nc3 Nge7 7. e3 O-O 8. d4
cxd4 9. Nxd4 Nxd4 10. exd4 d5 11. cxd5 Nxd5 12. Qb3 Qb6 13. Bxd5 exd5 14. Qxb6
axb6 15. Nxd5 Bh3 16. Rd1 Rfd8 17. Nxb6 Ra6 18. Nc4 b5 19. Na3 Bg4 20. Re1 b4
21. Nc2 Bf8 22. Bd2 Rb6 23. Rec1 Bf5 24. Bg5 f6 25. Bf4 Ra6 26. Ne3 Bh3 27. d5
Rda8 28. g4 b3 29. a4 Rxa4 30. Rxa4 Rxa4 31. Bg3 Ra2 32. d6 Rxb2 33. Rd1 Ra2
34. Nd5 Bxg4 35. Nxf6+ Kf7 36. Nxg4 b2 37. Ne5+ Ke6 38. Nc4 Kd7 39. Be5 1-0

[Event "XIII Konik Morski Rewala - Open A"]
[Site "Rewal"]
[Date "2008.08.29"]
[Round "9"]
[White "Rutkowski, Maciej"]
[Black "Kucypera, Malgorzata"]
[Result "1/2-1/2"]
[WhiteElo "2380"]
[BlackElo "2081"]
[PlyCount "30"]
[EventDate "2008.??.??"]

1. e4 c5 2. Nf3 d6 3. d4 cxd4 4. Nxd4 Nf6 5. Nc3 a6 6. Be2 e5 7. Nb3 Be7 8. Bg5
Be6 9. Bxf6 Bxf6 10. Qd3 Nc6 11. O-O-O Be7 12. Kb1 Rc8 13. Qf3 O-O 14. Bd3 Qd7
15. h3 Nb4 1/2-1/2

[Event "XIII Konik Morski Rewala - Open A"]
[Site "Rewal"]
[Date "2008.08.29"]
[Round "9"]
[White "Zadlo, Tomasz"]
[Black "Zierke, Oliver"]
[Result "0-1"]
[WhiteElo "2041"]
[BlackElo "2327"]
[PlyCount "77"]
[EventDate "2008.??.??"]

1. e4 c5 2. c3 d5 3. exd5 Qxd5 4. d4 cxd4 5. cxd4 e6 6. Nf3 Nf6 7. Nc3 Qd6 8.
Be3 Nc6 9. a3 Be7 10. Bd3 O-O 11. O-O a6 12. Qe2 b5 13. b4 Bb7 14. Rad1 Qc7 15.
Rc1 Rac8 16. Rfd1 Qb8 17. Bb1 Rfd8 18. h3 g6 19. Ba2 Na7 20. Bg5 Rxc3 21. Rxc3
Ne4 22. Bxe7 Nxc3 23. Qd2 Bxf3 24. gxf3 Rxd4 25. Qxc3 Rxd1+ 26. Kg2 Qf4 27. Bb3
Qc1 28. Qxc1 Rxc1 29. a4 Rb1 30. Bc2 Rb2 31. Bd1 Nc6 32. Bf6 Rxb4 33. axb5 axb5
34. Be2 Rb3 35. Bd1 Rb1 36. Bc2 Rc1 37. Be4 Nb4 38. Be7 Nd5 39. Bxd5 0-1

[Event "XIII Konik Morski Rewala - Open A"]
[Site "Rewal"]
[Date "2008.08.29"]
[Round "9"]
[White "Bronowicki, Mateusz"]
[Black "Sochacki, Christophe"]
[Result "1-0"]
[WhiteElo "2326"]
[BlackElo "2221"]
[PlyCount "66"]
[EventDate "2008.??.??"]

1. d4 Nf6 2. c4 c5 3. Nf3 cxd4 4. Nxd4 e5 5. Nb5 d5 6. cxd5 a6 7. N5c3 Bc5 8.
h3 b5 9. a3 e4 10. g4 Qa5 11. b4 Bxb4 12. axb4 Qxa1 13. Qc2 a5 14. Bb2 axb4 15.
Bxa1 Rxa1 16. Nxe4 O-O 17. Nxf6+ gxf6 18. Qb2 Ra4 19. Bg2 f5 20. Nd2 Re8 21.
gxf5 Bxf5 22. Rg1 Bg6 23. f4 Nd7 24. Bf3 b3 25. f5 Ne5 26. Ne4 Nxf3+ 27. exf3
Rea8 28. Qxb3 Ra1+ 29. Kf2 R8a2+ 30. Qxa2 Rxa2+ 31. Ke3 Ra3+ 32. Kf4 Rd3 33.
fxg6 hxg6 1-0

[Event "XIII Konik Morski Rewala - Open A"]
[Site "Rewal"]
[Date "2008.08.29"]
[Round "9"]
[White "Mazurkiewicz, Michal"]
[Black "Nasuta, Grzegorz"]
[Result "0-1"]
[WhiteElo "2239"]
[BlackElo "1959"]
[PlyCount "82"]
[EventDate "2008.??.??"]

1. g3 d5 2. Bg2 c6 3. d3 Nf6 4. Nf3 Bg4 5. O-O Nbd7 6. Nbd2 e5 7. e4 dxe4 8.
dxe4 Bc5 9. c4 O-O 10. Qc2 Re8 11. b3 Qc7 12. Bb2 Rad8 13. Bc3 Bf8 14. b4 c5
15. a3 g6 16. Rfe1 Bg7 17. Bf1 Nf8 18. h3 Bc8 19. Qa4 Qb8 20. bxc5 Bd7 21. Qa5
Bc6 22. Nxe5 Rc8 23. Nxc6 Rxc6 24. Rab1 N8d7 25. Bd4 Nh5 26. Bxg7 Nxg7 27. Nb3
Ne6 28. Red1 Ndxc5 29. Nxc5 Nxc5 30. Bg2 b6 31. Qb4 Rce6 32. a4 Nxe4 33. a5
Nxf2 34. Rf1 Nxh3+ 35. Kh2 Re3 36. Rf3 Ng5 37. Rxe3 Rxe3 38. Rd1 Qxg3+ 39. Kh1
Ne6 40. Qd2 h5 41. Rf1 Nf4 0-1

[Event "XIII Konik Morski Rewala - Open A"]
[Site "Rewal"]
[Date "2008.08.29"]
[Round "9"]
[White "Malczyk, Radoslaw"]
[Black "Nguyen, Piotr"]
[Result "0-1"]
[WhiteElo "2094"]
[BlackElo "2329"]
[PlyCount "92"]
[EventDate "2008.??.??"]

1. d4 f5 2. Bg5 g6 3. Nc3 Bg7 4. e4 fxe4 5. Nxe4 d5 6. Ng3 c5 7. c3 cxd4 8.
cxd4 Nc6 9. Nf3 Qb6 10. Rb1 Nxd4 11. Nxd4 Qxd4 12. Bb5+ Kf7 13. Qf3+ Bf6 14.
O-O Bg4 15. Bxf6 Nxf6 16. Qb3 Qb6 17. Rfe1 Rac8 18. h3 Be6 19. Qd3 h5 20. Qe2
Rc7 21. Bd3 Rhc8 22. Bxg6+ Kxg6 23. Qxe6 Qxe6 24. Rxe6 Rc1+ 25. Rxc1 Rxc1+ 26.
Kh2 Kf7 27. Re2 e6 28. h4 e5 29. f3 Ke6 30. Nh1 e4 31. Nf2 Kf5 32. fxe4+ dxe4
33. Kg3 Rc7 34. Nh3 Rg7+ 35. Ng5 Nh7 36. Rf2+ Ke5 37. Rf7 Rxf7 38. Nxf7+ Kd4
39. Ng5 Nf6 40. Kf4 Nd5+ 41. Kg3 Kd3 42. Kf2 e3+ 43. Kg3 Kc2 44. Kf3 Kd1 45.
Ke4 e2 46. Nf3 Nf6+ 0-1

[Event "XIII Konik Morski Rewala - Open A"]
[Site "Rewal"]
[Date "2008.08.29"]
[Round "9"]
[White "Jagodzinski, Waldemar"]
[Black "Klim, Kamil"]
[Result "1-0"]
[WhiteElo "2141"]
[BlackElo "2181"]
[PlyCount "119"]
[EventDate "2008.??.??"]

1. d4 Nf6 2. Nf3 g6 3. c4 Bg7 4. Nc3 O-O 5. Bg5 d6 6. e3 c5 7. d5 h6 8. Bh4 e5
9. Nd2 Nbd7 10. Be2 g5 11. Bg3 Nh7 12. e4 Ndf6 13. O-O Re8 14. a3 Nf8 15. Re1
Ng6 16. Nf1 Nf4 17. Ne3 Kh8 18. Bf1 h5 19. f3 Bh6 20. Bf2 Rg8 21. Nf5 Kh7 22.
Kh1 Ng6 23. Be3 Bxf5 24. exf5 Ne7 25. g4 Qd7 26. h3 Rab8 27. Bd3 a6 28. a4 a5
29. Qd2 Kh8 30. h4 hxg4 31. hxg5 Nxf5 32. Qh2 Nh7 33. gxh6 gxf3 34. Bxf5 Qxf5
35. Rg1 Qd3 36. Qf2 Qxc4 37. Rxg8+ Rxg8 38. Rg1 Rxg1+ 39. Qxg1 Qh4+ 40. Qh2
Qe1+ 41. Bg1 Qc1 42. Ne4 f6 43. Qh5 Nf8 44. Qh4 Nh7 45. Kh2 Qc2+ 46. Bf2 Ng5
47. Nxf6 Qg6 48. Ng4 Ne4 49. Be3 c4 50. Qd8+ Kh7 51. Qe7+ Kh8 52. Qf8+ Kh7 53.
Qxf3 Kh8 54. Qf8+ Kh7 55. Qe7+ Kh8 56. Qd8+ Qg8 57. Qd7 Nc5 58. Bxc5 dxc5 59.
Qe6 Qg5 60. Qxe5+ 1-0

[Event "XIII Konik Morski Rewala - Open A"]
[Site "Rewal"]
[Date "2008.08.29"]
[Round "9"]
[White "Verdaguer Muntanya, Marc"]
[Black "Krajewicz, Pawel"]
[Result "1-0"]
[WhiteElo "2142"]
[BlackElo "1993"]
[PlyCount "59"]
[EventDate "2008.??.??"]

1. d4 Nf6 2. Nf3 c5 3. c3 d5 4. Bf4 e6 5. e3 Be7 6. Nbd2 O-O 7. Bd3 b6 8. Ne5
Bd6 9. Qf3 Ba6 10. Bc2 Qe8 11. Qh3 Nbd7 12. g4 g6 13. Ndf3 cxd4 14. exd4 Ne4
15. Bxe4 dxe4 16. Ng5 Nf6 17. Nxg6 Qb5 18. O-O-O Bxf4+ 19. Nxf4 Qxg5 20. Qe3
Rfd8 21. h4 Qa5 22. Nh3 Rd5 23. a3 Rc8 24. g5 Bd3 25. Rxd3 exd3 26. gxf6 Rxc3+
27. bxc3 Qxc3+ 28. Kd1 Rb5 29. Qg3+ Kf8 30. Qb8+ 1-0

[Event "XIII Konik Morski Rewala - Open A"]
[Site "Rewal"]
[Date "2008.08.29"]
[Round "9"]
[White "Michna, Christian"]
[Black "Korosciel, Aneta"]
[Result "1-0"]
[WhiteElo "2304"]
[BlackElo "2067"]
[PlyCount "113"]
[EventDate "2008.??.??"]

1. e4 e5 2. Bc4 Nf6 3. d3 c6 4. Nf3 Be7 5. Nc3 d6 6. h3 O-O 7. O-O Nbd7 8. a3
Nc5 9. Re1 Be6 10. Bxe6 Nxe6 11. d4 exd4 12. Nxd4 Nxd4 13. Qxd4 Qa5 14. Bf4 Ne8
15. b4 Qh5 16. Qc4 Nc7 17. Rad1 Rad8 18. Nd5 Nxd5 19. exd5 Rc8 20. Qe2 Qxe2 21.
Rxe2 Bf6 22. dxc6 Rxc6 23. Rxd6 Rc4 24. Be3 Bb2 25. Rd7 Bxa3 26. Bc5 Rc8 27.
Rxb7 a5 28. Rc7 Ra8 29. Ra7 Rc8 30. Rxa5 Bxb4 31. Bxb4 Rxb4 32. Rc5 Rb1+ 33.
Kh2 Rbb8 34. Rxc8+ Rxc8 35. c4 Kf8 36. Re4 Rc5 37. Kg3 f5 38. Rd4 Ke7 39. Kf4
Kf6 40. Ke3 Ra5 41. Rd2 Ke6 42. Kd4 Kd6 43. Rb2 Kc6 44. Rb5 Rxb5 45. cxb5+ Kxb5
46. Ke5 Kc5 47. Kxf5 Kd6 48. h4 Ke7 49. Ke5 Kd7 50. h5 Ke7 51. h6 g6 52. f4 Kf7
53. Kd6 Kf6 54. g4 Kf7 55. Kd7 Kg8 56. Ke7 Kh8 57. f5 1-0

[Event "XIII Konik Morski Rewala - Open A"]
[Site "Rewal"]
[Date "2008.08.29"]
[Round "9"]
[White "Baumann, Dariusz"]
[Black "Janczarski, Michal"]
[Result "0-1"]
[WhiteElo "2069"]
[BlackElo "2238"]
[PlyCount "104"]
[EventDate "2008.??.??"]

1. d4 d5 2. c4 e6 3. Nc3 c6 4. e3 Bd6 5. Nf3 f5 6. Bd3 Nf6 7. Bd2 O-O 8. Ne5
Ne4 9. g3 Nd7 10. f4 Ndf6 11. Bxe4 Nxe4 12. Nxe4 fxe4 13. O-O Qe8 14. Qb3 a5
15. c5 Bc7 16. Qa4 Ra6 17. Rac1 Qh5 18. Rf2 Qh3 19. Rg2 Rd8 20. Qd1 Bd7 21. Ng4
Be8 22. Nf2 Qh5 23. g4 Qf7 24. Qe2 Rda8 25. Kh1 b6 26. cxb6 Rxb6 27. Bc3 a4 28.
a3 Rb3 29. Qe1 Rab8 30. Nh3 Bd6 31. Qd2 Bd7 32. Rf1 Qe7 33. Qe1 Bc8 34. g5 e5
35. f5 exd4 36. exd4 Qf8 37. Nf2 Ba6 38. Rfg1 Qxf5 39. g6 h6 40. Ng4 Qf3 41.
Qh4 Bf4 42. Qe7 R3b7 43. Qe6+ Kh8 44. Qxc6 Bf1 45. Qxd5 Bxg2+ 46. Rxg2 Rc7 47.
Qa2 h5 48. Ne5 Bxe5 49. dxe5 Rd7 50. h4 Qh3+ 51. Kg1 Rd1+ 52. Kf2 Qf3# 0-1

[Event "XIII Konik Morski Rewala - Open A"]
[Site "Rewal"]
[Date "2008.08.29"]
[Round "9"]
[White "Szromba, Krzysztof"]
[Black "Cagara, Paulina"]
[Result "1/2-1/2"]
[WhiteElo "2186"]
[BlackElo "2078"]
[PlyCount "51"]
[EventDate "2008.??.??"]

1. d4 f5 2. g3 Nf6 3. Bg2 g6 4. Nf3 Bg7 5. O-O O-O 6. c4 d6 7. Nc3 Qe8 8. d5 a5
9. Nd4 Na6 10. e4 fxe4 11. Nxe4 Nxe4 12. Bxe4 Bh3 13. Re1 Nc5 14. Bh1 Qf7 15.
Be3 Bd7 16. Qd2 Bf6 17. Bh6 Bg7 18. Bxg7 Kxg7 19. Re3 Kh8 20. Rae1 Rae8 21. f4
Qf6 22. Nf3 b6 23. Ng5 e5 24. dxe6 Nxe6 25. Nxe6 Rxe6 26. Bd5 1/2-1/2

[Event "XIII Konik Morski Rewala - Open A"]
[Site "Rewal"]
[Date "2008.08.29"]
[Round "9"]
[White "Witek, Tomasz"]
[Black "Demidowicz, Maria"]
[Result "1-0"]
[WhiteElo "2125"]
[BlackElo "2032"]
[PlyCount "73"]
[EventDate "2008.??.??"]

1. d4 g6 2. c4 Bg7 3. Nc3 d6 4. e4 Nf6 5. Bd3 Nc6 6. Nge2 O-O 7. O-O e5 8. d5
Nd4 9. Nb5 Re8 10. Nexd4 exd4 11. Re1 Ng4 12. h3 a6 13. hxg4 axb5 14. cxb5 Qh4
15. Bf4 Bxg4 16. Qc1 Be5 17. Bxe5 Rxe5 18. Qf4 Qh5 19. f3 Bd7 20. Qh2 Qxh2+ 21.
Kxh2 c5 22. bxc6 bxc6 23. dxc6 Bxc6 24. Bc4 Bb5 25. Bd5 Ra7 26. a3 d3 27. Red1
Rc7 28. a4 Ba6 29. Rac1 Rc2 30. b4 Rg5 31. Rxc2 dxc2 32. Rc1 Bd3 33. b5 Re5 34.
b6 Re8 35. a5 Kg7 36. b7 Kf6 37. Rxc2 1-0

[Event "XIII Konik Morski Rewala - Open A"]
[Site "Rewal"]
[Date "2008.08.29"]
[Round "9"]
[White "Palosz, Andrzej"]
[Black "Kues, Hendrik"]
[Result "1/2-1/2"]
[WhiteElo "2148"]
[BlackElo "2235"]
[PlyCount "73"]
[EventDate "2008.??.??"]

1. e4 c5 2. Nf3 g6 3. d4 cxd4 4. Qxd4 Nf6 5. e5 Nc6 6. Qh4 Nxe5 7. Nxe5 Qa5+ 8.
Nc3 Qxe5+ 9. Be2 Bg7 10. O-O O-O 11. Bh6 d6 12. Rfe1 Qc5 13. Bf3 Be6 14. Rad1
Rab8 15. Rd2 b5 16. Ne2 Rfe8 17. Nd4 Bd7 18. b4 Qc7 19. Bxg7 Kxg7 20. g4 h6 21.
Re3 e5 22. Nf5+ gxf5 23. g5 Ng8 24. Bd5 f4 25. gxh6+ Nxh6 26. Qg5+ Kf8 27.
Qxh6+ Ke7 28. Qg5+ Kf8 29. Qh6+ Ke7 30. Qxf4 Rg8+ 31. Kh1 Be6 32. Qh4+ Kd7 33.
Bxe6+ Kxe6 34. Qh3+ Ke7 35. Qh4+ Ke6 36. Qh3+ Ke7 37. Qh4+ 1/2-1/2

[Event "XIII Konik Morski Rewala - Open A"]
[Site "Rewal"]
[Date "2008.08.29"]
[Round "9"]
[White "Czartoryski, Pawel"]
[Black "Andrzejewska, Anna"]
[Result "1-0"]
[WhiteElo "2089"]
[BlackElo "1992"]
[PlyCount "89"]
[EventDate "2008.??.??"]

1. d4 d5 2. c4 e6 3. Nc3 c6 4. e3 f5 5. Nf3 Nf6 6. Bd3 Bd6 7. Qc2 Ne4 8. O-O
O-O 9. Rb1 Qe7 10. a3 Nd7 11. b4 Nxc3 12. Qxc3 dxc4 13. Bxc4 Kh8 14. Bb2 Nf6
15. Ne5 Ne4 16. Qc2 Qh4 17. f3 Nf6 18. Qf2 Qh6 19. Rbe1 g5 20. e4 g4 21. exf5
exf5 22. d5 a5 23. dxc6 bxc6 24. fxg4 axb4 25. axb4 Rb8 26. h4 Rxb4 27. g5 Rxb2
28. Qxb2 Bc5+ 29. Rf2 Qxh4 30. gxf6 Bxf2+ 31. Qxf2 Qxf2+ 32. Kxf2 Rxf6 33. Rd1
Kg7 34. Rd8 Be6 35. Be2 Bd5 36. Nd3 Be4 37. Nf4 Rf7 38. Bc4 Ra7 39. Ke3 Ra3+
40. Kd4 Ra1 41. Ke5 Re1 42. Rd7+ Kh6 43. Kf6 Bd5 44. Nxd5 cxd5 45. Bxd5 1-0